Enciclopèdia del regadiu històric valencià (Registre núm. 68117)
[ vista simple ]
| 000 -CABECERA | |
|---|---|
| campo de control de longitud fija | 01295nam a22004457a 4500 |
| 005 - FECHA Y HORA DE LA ÚLTIMA TRANSACCIÓN | |
| campo de control | 20240611111233.0 |
| 008 - DATOS DE LONGITUD FIJA--INFORMACIÓN GENERAL | |
| campo de control de longitud fija | 220324s2019 cat |
| 017 ## - NÚMERO DE COPYRIGHT O DE DEPÓSITO LEGAL | |
| Número de copyright o de depósito legal | V-3571-2019 |
| 020 ## - NÚMERO INTERNACIONAL ESTÁNDAR DEL LIBRO | |
| Número Internacional Estándar del Libro | 9788448264215 |
| 040 ## - FUENTE DE LA CATALOGACIÓN | |
| Centro/agencia transcriptor | termcat |
| 041 ## - CÓDIGO DE LENGUA | |
| Código de lengua del texto/banda sonora o título independiente | cat |
| 080 ## - NÚMERO DE LA CLASIFICACIÓN DECIMAL UNIVERSAL | |
| Número de la Clasificación Decimal Universal | 626/627(460.31) |
| 080 ## - NÚMERO DE LA CLASIFICACIÓN DECIMAL UNIVERSAL | |
| Número de la Clasificación Decimal Universal | 631.587(460.31) |
| 100 ## - ENTRADA PRINCIPAL--NOMBRE DE PERSONA | |
| 9 (RLIN) | 75159 |
| Nombre de persona | Peris Albentosa, Tomàs |
| 245 ## - MENCIÓN DE TÍTULO | |
| Título | Enciclopèdia del regadiu històric valencià |
| Resto del título | Infraestructures hidràuliques i distribució de l'aigua |
| Mención de responsabilidad, etc. | Tomàs Peris Albentosa |
| 260 ## - PUBLICACIÓN, DISTRIBUCIÓN, ETC. | |
| Lugar de publicación, distribución, etc. | València |
| Nombre del editor, distribuidor, etc. | Conselleria de Política Territorial, Obres Públiques i Mobilitat |
| 260 ## - PUBLICACIÓN, DISTRIBUCIÓN, ETC. | |
| Nombre del editor, distribuidor, etc. | Acadèmia Valenciana de la Llengua |
| Fecha de publicación, distribución, etc. | 2019 |
| 260 ## - PUBLICACIÓN, DISTRIBUCIÓN, ETC. | |
| Nombre del editor, distribuidor, etc. | Cátedra Demetrio Ribes |
| 300 ## - DESCRIPCIÓN FÍSICA | |
| Extensión | 774 p. |
| 365 ## - PRECIO COMERCIAL | |
| Cantidad | 34.21 |
| Código de moneda | € |
| 500 ## - NOTA GENERAL | |
| Nota general | Bibliografia. Índex |
| 520 ## - SUMARIO, ETC. | |
| Nombre de termes | aprox. 500 |
| 546 ## - NOTA DE LENGUA/LENGUAJE | |
| Llengües de les definicions | català |
| 591 ## - Codi de font | |
| Codi de font | 10865 |
| 592 ## - Tipus d'obra | |
| Tipus d'obra | Obra terminològica |
| 593 ## - Codi de la CGAT | |
| Codi de la CGAT | CF |
| 593 ## - Codi de la CGAT | |
| Codi de la CGAT | FA |
| 593 ## - Codi de la CGAT | |
| Codi de la CGAT | FB |
| 593 ## - Codi de la CGAT | |
| Codi de la CGAT | HE |
| 594 ## - Número de document | |
| Número de document | 10865 |
| 650 #0 - PUNTO DE ACCESO ADICIONAL DE MATERIA--TÉRMINO DE MATERIA | |
| 9 (RLIN) | 60807 |
| Término de materia o nombre geográfico como elemento de entrada | agricultura |
| 650 #0 - PUNTO DE ACCESO ADICIONAL DE MATERIA--TÉRMINO DE MATERIA | |
| 9 (RLIN) | 61368 |
| Término de materia o nombre geográfico como elemento de entrada | hidrologia |
| 650 #0 - PUNTO DE ACCESO ADICIONAL DE MATERIA--TÉRMINO DE MATERIA | |
| 9 (RLIN) | 64689 |
| Término de materia o nombre geográfico como elemento de entrada | equip de regatge |
| 650 #0 - PUNTO DE ACCESO ADICIONAL DE MATERIA--TÉRMINO DE MATERIA | |
| 9 (RLIN) | 65642 |
| Término de materia o nombre geográfico como elemento de entrada | enginyeria hidràulica |
| 852 ## - LOCALIZACIÓN | |
| Ubicación en estantería | FB 16 |
| 902 ## - ELEMENTOS DE DATOS B LOCAL, LDB (RLIN) | |
| a | 220324 |
| 942 ## - ELEMENTOS DE PUNTO DE ACCESO ADICIONAL (KOHA) | |
| Fuente del sistema de clasificación o colocación | Clasificación Decimal Dewey |
| Tipo de ítem Koha | Monografia |
| Suprimir en OPAC | 0 |
| Estado de retiro | Estado de pérdida | Fuente del sistema de clasificación o colocación | Estado dañado | No para préstamo | Localización permanente | Ubicación/localización actual | Fecha de adquisición | Signatura topográfica completa | Código de barras | Fecha visto por última vez | Precio válido a partir de | Tipo de ítem Koha |
|---|---|---|---|---|---|---|---|---|---|---|---|---|
| Clasificación Decimal Dewey | Termcat | Termcat | 24/03/2022 | FB 16 | P_68121 | 24/03/2022 | 24/03/2022 | Monografia |